Normal view
MARC view
- تأليفكابر، ريشارد ؛ ترجمة: علي الهاشمي بن النوى رداوي ؛ راجع الترجمة: جميل عبدالله منصور الجشي
Entry Personal Name
001 - CONTROL NUMBER
- control field: 56659
003 - CONTROL NUMBER IDENTIFIER
- control field: JO-AjAnu
005 - DATE AND TIME OF LATEST TRANSACTION
- control field: 20230606083302.0
008 - FIXED-LENGTH DATA ELEMENTS
- fixed length control field: 230606|| aca||aabn | a|a d
040 ## - CATALOGING SOURCE
- Original cataloging agency: JO-AjAnu
- Transcribing agency: JO-AjAnu
100 ## - HEADING--PERSONAL NAME
- Personal name: تأليفكابر، ريشارد ؛ ترجمة: علي الهاشمي بن النوى رداوي ؛ راجع الترجمة: جميل عبدالله منصور الجشي
670 ## - SOURCE DATA FOUND
- Source citation: Work cat.: (JO-AjAnu)28912: تأليفكابر، ريشارد ؛ ترجمة: علي الهاشمي بن النوى رداوي ؛ راجع الترجمة: جميل عبدالله منصور الجشي, author, الجودة : مدخل المشاريع المتتالية : دليل عملي للأفراد والفرق والتنظيمات= A Project by Project Approach to Quality